000 00696cab a22001935a 4500
001 L157422
008 121129e20121124xxk 000 0 eng d
035 _a(Sirsi) u157422
041 0 _aeng
100 1 _aEdwards, Martin
245 0 0 _aAll stick and no carrot?
260 _c2012
490 _aEstates Gazette
_v(1247) 24 November 2012, 121(1)
520 _aAssesses the government's latest planning proposals introduced by the Growth and Infrastructure Bill. The main target of this Bill is the English planning system although there are a number of other economic measures included
590 _aKA
651 4 _aUnited Kingdom
690 _aPlanning and development
_96259
942 _n0
999 _c84376
_d84376